DAIRY AND POUTRY INDUSTRIES (Record no. 216150)

MARC details
000 -LEADER
fixed length control field 00370nam a22001457a 4500
008 - FIXED-LENGTH DATA ELEMENTS--GENERAL INFORMATION
fixed length control field 251110b |||||||| |||| 00| 0 eng d
020 ## - INTERNATIONAL STANDARD BOOK NUMBER
International Standard Book Number 979-8-88715-023-9
100 ## - MAIN ENTRY--PERSONAL NAME
Personal name GAMAL PROF
245 ## - TITLE STATEMENT
Title DAIRY AND POUTRY INDUSTRIES
260 ## - PUBLICATION, DISTRIBUTION, ETC.
Place of publication, distribution, etc. DUBLIN
Name of publisher, distributor, etc. ORYSON PRESS
Date of publication, distribution, etc. 2023
300 ## - PHYSICAL DESCRIPTION
Extent VI,298P.
500 ## - GENERAL NOTE
General note INCLUDES AN INDEX
942 ## - ADDED ENTRY ELEMENTS (KOHA)
Source of classification or shelving scheme Library of Congress Classification
Koha item type Long Loan Book
Holdings
Withdrawn status Lost status Source of classification or shelving scheme Damaged status Not for loan Collection Home library Current library Shelving location Date acquired Inventory number Total checkouts Full call number Barcode Date last seen Copy number Price effective from Koha item type
    Library of Congress Classification     Science & Technology Kisii University Library Kisii University Library On Display 11/10/2025 109625   SF 239 .G36 2023 000000002028 11/10/2025 C.1 11/10/2025 Long Loan Book
    Library of Congress Classification     Science & Technology Kisii University Library Kisii University Library On Display 11/10/2025 109626   SF 239 .G36 2023 000000002029 11/10/2025 C.2 11/10/2025 Long Loan Book
    Library of Congress Classification     Science & Technology Kisii University Library Kisii University Library On Display 11/10/2025 109627   SF 239 .G36 2023 000000002030 11/10/2025 C.3 11/10/2025 Long Loan Book
    Library of Congress Classification     Science & Technology Kisii University Library Kisii University Library On Display 11/10/2025 109628   SF 239 .G36 2023 000000017571 11/10/2025 C.4 11/10/2025 Long Loan Book